Výsledky štvrťročných zisťovaní za podniky dopravy, pošty a telekomunikácie za 1.-2. štvrťrok 2003

Salvato in:
Dettagli Bibliografici
Natura: Libro
Lingua:slovacco
inglese
Pubblicazione: Bratislava Štatistický úrad Slovenskej republiky 2003
Serie:Vnútorný obchod a služby
Tags: Aggiungi Tag
Nessun Tag, puoi essere il primo ad aggiungerne!!

MARC

LEADER 00000nam$a2200000$$$4500
001 0001907
005 20260219075645.7
041 0 |a slo 
041 0 |a eng 
044 |a SK 
245 1 0 |a Výsledky štvrťročných zisťovaní za podniky dopravy, pošty a telekomunikácie za 1.-2. štvrťrok 2003 
264 1 |a Bratislava  |b Štatistický úrad Slovenskej republiky  |c 2003 
300 |a 31 s. 
490 1 |a Vnútorný obchod a služby 
830 0 |a Vnútorný obchod a služby